000 01112nam a2200277Ia 4500
003 PE SENCICO BE
005 20251020182549.0
008 200515s9999 xx 000 0 und d
020 _a978-84-252-2542-0
040 _aPE SENCICO BE
_cPE SENCICO BE
041 _aspa
082 _a624.1771
_bC56
100 1 _aChing, Francis D. K.
_9405
_eautor
245 1 0 _aManual de estructuras ilustrado /
_cFrancis D. K. Ching, Barry Onouye, Douglas Zuberbuhler
250 _a[1a ed.]
260 _aBarcelona :
_bGustavo Gili,
_c2014
300 _avii, 311 p. :
_bdiagrs., tabls. ;
_c30 cm.
504 _aBibliografía: p. 303-304.
505 0 _aEstructuras -- Esquemas estructurales -- Elementos portantes horizontales -- Elementos portantes verticales -- Estabilidad lateral -- estrcturas de grandes luces -- Estructuras de edificios en altura -- Integración instalaciones.
650 1 0 _aDiseño de estructuras
_916
650 2 0 _aEstructuras
_915
650 2 0 _aIngeniería de estructuras
_9179
700 1 _91340
_aOnouye, Barry
_eautor
700 1 _91341
_aZuberbuhler, Douglas
_eautor
942 _cLIB
_2ddc
999 _c2660
_d2660